00749nam a22002051i 450000100060000000300080000600500170001400800390003103500190007003500190008904000260010804100080013408200230014224501640016526000460032930000240037549000750039960000460047470000230052020074BD-RjUL20211209000522.0140226s1953 enk 000 0 ang a(BD-RjUL)20136 a(OCoLC)4156791 aDLCcOUdBD-RjULbeng aeng04bMET 1953a282.092414aThe metrical life of St. Robert of Knaresborough :btogether with the other Middle English pieces in British Museum Ms. Egerton 3143 /cedited by Joyce Bazire. aLondon :bOxford University Press,c1953. ax, 148 p. ;c22 cm. aEarly English Text Society. Original series,vno. 228. 1953 (for 1947) dRobert, Saint, of KnaresboroughxLegends 1 aBazire, Joyceeed.